000 00384 a2200133 4500
005 20250314105547.0
020 _a0-85345-317-9
082 _a338.091 THO
100 _aTHOMAS, C. Y.
245 _aDependence and Transformation: The Economic of the Transition to Socialism
260 _aNew York,
_bMonthly Review Press,
_c1974.
300 _a327p.
_bBibliography.
_c20cm.
942 _2ddc
_cBKS
999 _c603
_d603